LIBRARY & INFORMATION CENTRE, KCAET, TAVANUR

ONLINE PUBLIC ACCESS CATALOGUE (OPAC)

Capital, Vol 1 / (Record no. 2150)

MARC details
000 -LEADER
fixed length control field 00368cam a2200157ua 4500
041 ## - LANGUAGE CODE
Language code of text/sound track or separate title eng
082 ## - DEWEY DECIMAL CLASSIFICATION NUMBER
Classification number 335.4
Item number MAR/CA
100 ## - MAIN ENTRY--AUTHOR NAME
Personal name Marx, Karl .
245 ## - TITLE STATEMENT
Title Capital, Vol 1 /
250 ## - EDITION STATEMENT
Edition statement 1 /
260 ## - PUBLICATION, DISTRIBUTION, ETC. (IMPRINT)
Place of publication Moscow :
Name of publisher Progress publishing ,
Year of publication 1965.
300 ## - PHYSICAL DESCRIPTION
Number of Pages 807 ; .
942 ## - ADDED ENTRY ELEMENTS (KOHA)
Koha item type Books
Holdings
Withdrawn status Lost status Damaged status Home library Current library Date acquired Full call number Accession Number Koha item type
Withdrawn     KAUAET Sanskrit University 07/04/2012 335.4 9136 Books
free website counter